The diversity of life
Saved in:
| Main Author: | |
|---|---|
| Format: | Book |
| Language: | English |
| Published: |
Cambridge :
Belknap Press of Harvard University Press,
1992
|
| Series: | Questions of science
|
| Subjects: | |
| Tags: |
Add Tag
No Tags, Be the first to tag this record!
|
MARC
| LEADER | 00000pam a2200000 i 4500 | ||
|---|---|---|---|
| 001 | 1/100879 | ||
| 008 | 950829s1992 eng d | ||
| 020 | |a 0-14-016977-6 | ||
| 035 | |l 10011877 | ||
| 040 | |a GR-MY-UA |b gre |e aacr | ||
| 041 | 0 | |a eng | |
| 082 | 0 | |a 333.95 | |
| 100 | 1 | |a Wilson, Edward Osborne |d 1929- | |
| 245 | 1 | 4 | |a The diversity of life / |c Edward O. Wilson |
| 260 | |a Cambridge : |b Belknap Press of Harvard University Press, |c 1992 | ||
| 300 | |a 424 p.; |b ill. (some col.), maps; |c 25 cm | ||
| 490 | 1 | |a Questions of science | |
| 504 | |a Includes bibliographical references and index | ||
| 650 | 0 | 0 | |a Biological diversity. |
| 650 | 0 | 0 | |a Biological diversity conservation. |
| 830 | 0 | |a Questions of science | |
| 852 | |a INST |b LESVOS |e 19950829 |h 333.95 WIL |p 005100007361 |q 005100007361 |t BK |y 0 | ||
| 909 | |a Λ |b 041950 | ||